Diary of a Wimpy Kid ( Cabin Fever ) (Record no. 12058)
[ view plain ]
| 000 -LEADER | |
|---|---|
| fixed length control field | 00272nam a22000977a 4500 |
| 008 - FIXED-LENGTH DATA ELEMENTS--GENERAL INFORMATION | |
| fixed length control field | 221006b |||||||| |||| 00| 0 eng d |
| 020 ## - INTERNATIONAL STANDARD BOOK NUMBER | |
| International Standard Book Number | 9780241342732 |
| 100 ## - MAIN ENTRY--PERSONAL NAME | |
| Personal name | Kinney Jeff |
| 9 (RLIN) | 7570 |
| 245 ## - TITLE STATEMENT | |
| Title | Diary of a Wimpy Kid ( Cabin Fever ) |
| 260 ## - PUBLICATION, DISTRIBUTION, ETC. (IMPRINT) | |
| Place of publication, distribution, etc. | UK |
| Name of publisher, distributor, etc. | Penguin Random House |
| Date of publication, distribution, etc. | 2018 |
| Withdrawn status | Lost status | Source of classification or shelving scheme | Damaged status | Koha normalized classification for sorting | Not for loan | Home library | Current library | Shelving location | Date acquired | Total Checkouts | Total Renewals | Full call number | Barcode | Date last seen | Date last checked out | Price effective from | Koha item type |
|---|---|---|---|---|---|---|---|---|---|---|---|---|---|---|---|---|---|
| Dewey Decimal Classification | KIN_813_600000000000000 | Good Samaritan School Library | Good Samaritan School Library | FICTION | 10/06/2022 | 19 | 1 | KIN813.6 | KIN17289 | 08/30/2024 | 08/28/2024 | 10/06/2022 | BOOK |